| 000 | 00352nam a2200133Ia 4500 | ||
|---|---|---|---|
| 008 | 220204s9999 xx 000 0 und d | ||
| 082 | _bKEM | ||
| 245 | 0 | _aStatistical methods for plant variety evaluation | |
| 260 |
_aLondon _bChapman and Hall _c1997 |
||
| 650 | _aPlant breeding trials | ||
| 700 | _aFox, P N | ||
| 700 | _aKempton, R A | ||
| 942 | _cBK | ||
| 999 |
_c41545 _d41545 |
||